[Event "Europa ch 2014"]
[Site "Yerevan ARM"]
[Date "2014.03.03"]
[Round "1.1"]
[White "Petenyi, Tamas"]
[Black "Bacrot, Etienne"]
[Result "0-1"]
[WhiteElo "2468"]
[BlackElo "2739"]
[PlyCount "104"]
[EventDate "2014.03.03"]
[EventType "swiss"]
[EventRounds "11"]
[EventCountry "ARM"]
[Source "lmi"]
[SourceDate "2014.03.02"]

1. e4 c6 2. d4 d5 3. e5 Bf5 4. Nf3 e6 5. Be2 Nd7 6. O-O h6 7. Nbd2 Ne7 8. Nb3
Nc8 9. Be3 Ncb6 10. Na5 Qc7 11. c3 c5 12. Nb3 a6 13. Nxc5 Nxc5 14. dxc5 Bxc5
15. Bxc5 Qxc5 16. Nd4 Bh7 17. Bd3 Bxd3 18. Qxd3 Nc4 19. Qe2 Qb6 20. Rab1 Na5
21. f4 g6 22. Kh1 Nc6 23. Rbd1 h5 24. Qf2 Nxd4 25. Rxd4 Rc8 26. h3 Rc6 27. Rfd1
Qc7 28. R1d2 Rc4 29. Rxc4 Qxc4 30. a3 Qe4 31. Re2 Qc4 32. Rd2 Qe4 33. Re2 Qd3
34. Rd2 Qb1+ 35. Qg1 Qe4 36. Qf2 O-O 37. Rd4 Qb1+ 38. Kh2 Rc8 39. Qd2 b5 40.
Qf2 Qc1 41. Qd2 Qb1 42. Qf2 a5 43. Qd2 Kg7 44. Qf2 Qf5 45. Qe3 Qc2 46. Rd2 Qb1
47. Qf2 b4 48. axb4 axb4 49. cxb4 Rc1 50. b5 Rf1 51. Qe3 h4 52. g4 Rh1+ 0-1

[Event "Europa ch 2014"]
[Site "Yerevan ARM"]
[Date "2014.03.03"]
[Round "1.2"]
[White "Eljanov, Pavel"]
[Black "Danielian, Elina"]
[Result "1-0"]
[WhiteElo "2723"]
[BlackElo "2467"]
[PlyCount "143"]
[EventDate "2014.03.03"]
[EventType "swiss"]
[EventRounds "11"]
[EventCountry "ARM"]
[Source "lmi"]
[SourceDate "2014.03.02"]

1. d4 Nf6 2. c4 e6 3. Nf3 c5 4. d5 exd5 5. cxd5 d6 6. Nc3 g6 7. Bf4 Bg7 8. Qa4+
Bd7 9. Qb3 Qc7 10. e4 O-O 11. Nd2 Nh5 12. Be3 f5 13. exf5 Bxf5 14. Be2 Nf6 15.
h3 Na6 16. a3 Rae8 17. O-O Ne4 18. Ndxe4 Bxe4 19. Nxe4 Rxe4 20. Bg4 Ree8 21.
Rab1 Nb8 22. Qa4 a6 23. Be6+ Kh8 24. h4 Nc6 25. Rfc1 Ne5 26. Qe4 Qe7 27. Rc2 b5
28. b3 Nc6 29. g3 Nd8 30. Bg5 Bf6 31. Bh6 Bg7 32. Bxg7+ Qxg7 33. Re1 Nf7 34.
Rce2 Qc3 35. Re3 Qb2 36. f4 Nh6 37. Qg2 Qd4 38. Qf2 Re7 39. R3e2 Qc3 40. Qe3
Qxe3+ 41. Rxe3 Rfe8 42. Kf2 Nf5 43. Re4 Nd4 44. b4 Nxe6 45. g4 c4 46. Rxe6 Rxe6
47. Rxe6 Rxe6 48. dxe6 Kg7 49. Ke3 Kf6 50. f5 gxf5 51. gxf5 d5 52. Kd4 h5 53.
Kxd5 c3 54. Kd6 c2 55. e7 c1=Q 56. e8=Q Qd1+ 57. Kc7 Kxf5 58. Kb7 Qh1+ 59. Kxa6
Qxh4 60. Qxb5+ Kg6 61. Qd3+ Kg7 62. b5 Qa4+ 63. Kb7 h4 64. b6 Qg4 65. Qc3+ Kh7
66. Qc7+ Kg6 67. Qc6+ Kg5 68. Ka8 Qg3 69. Qc5+ Kh6 70. b7 Qf3 71. Ka7 Qf7 72.
Ka6 1-0

[Event "Europa ch 2014"]
[Site "Yerevan ARM"]
[Date "2014.03.03"]
[Round "1.4"]
[White "Korobov, Anton"]
[Black "Alekseenko, Kirill"]
[Result "0-1"]
[WhiteElo "2719"]
[BlackElo "2461"]
[PlyCount "92"]
[EventDate "2014.03.03"]
[EventType "swiss"]
[EventRounds "11"]
[EventCountry "ARM"]
[Source "lmi"]
[SourceDate "2014.03.02"]

1. c4 e5 2. Nc3 d6 3. Nf3 f5 4. d4 e4 5. Ng5 Be7 6. Nh3 Nf6 7. Nf4 O-O 8. e3 c5
9. d5 Na6 10. Be2 Nc7 11. h4 Nd7 12. Nb5 Ne5 13. Nxc7 Qxc7 14. Bd2 Qd8 15. h5
Bf6 16. Bc3 Qe7 17. Qb3 Rb8 18. a4 Bd7 19. g3 b6 20. Kf1 Nf7 21. Kg2 Be5 22.
Qc2 Qf6 23. a5 b5 24. cxb5 Bxb5 25. Ra3 Bxe2 26. Qxe2 Bxc3 27. bxc3 Rb7 28. Ne6
Rfb8 29. Qa6 Qe7 30. Raa1 Qd7 31. Rh4 Rb2 32. Rf4 Nh6 33. Re1 Ra2 34. Qc6 Qe7
35. a6 Rab2 36. Kg1 R2b6 37. Qa4 Qf7 38. Kg2 Rb2 39. Qd1 Ng4 40. h6 Qh5 41.
Rxg4 Qxg4 42. Qxg4 fxg4 43. Rh1 Rd2 44. Ng5 Rxd5 45. Nxe4 Re8 46. f3 Rxe4 0-1

[Event "Europa ch 2014"]
[Site "Yerevan ARM"]
[Date "2014.03.03"]
[Round "1.5"]
[White "Hayrapetyan, Hovik"]
[Black "Malakhov, Vladimir"]
[Result "0-1"]
[WhiteElo "2458"]
[BlackElo "2717"]
[PlyCount "134"]
[EventDate "2014.03.03"]
[EventType "swiss"]
[EventRounds "11"]
[EventCountry "ARM"]
[Source "lmi"]
[SourceDate "2014.03.02"]

1. d4 g6 2. e4 Bg7 3. Nc3 d6 4. Be3 a6 5. Qd2 Nd7 6. f3 b5 7. O-O-O Bb7 8. h4
h6 9. Nge2 e6 10. d5 exd5 11. Nxd5 Ngf6 12. Nef4 O-O 13. Nxf6+ Qxf6 14. c3 Ne5
15. Be2 Rfe8 16. Nh3 h5 17. Rhe1 Qe6 18. Kb1 Rab8 19. Bd4 Qe7 20. g3 Ba8 21.
Nf2 c5 22. Bxe5 dxe5 23. Qd7 Bf8 24. Qxe7 Bxe7 25. c4 Bc6 26. Kc2 Kg7 27. Rd2
Red8 28. Rxd8 Rxd8 29. Rd1 Rb8 30. Re1 f5 31. exf5 gxf5 32. Nd3 Bd6 33. f4 Be4
34. Kc3 exf4 35. gxf4 Kf6 36. Rg1 Bxd3 37. Bxd3 Bxf4 38. cxb5 axb5 39. Rf1 Be5+
40. Kc2 f4 41. Rg1 Ke6 42. Be2 Bf6 43. Bxh5 Bxh4 44. Rg4 Bg3 45. Rg5 Bf2 46. b4
c4 47. Bf3 Bd4 48. Bg4+ Kd6 49. Bf3 Bf6 50. Rd5+ Ke6 51. Rc5 Bd4 52. Rc8 Rxc8
53. Bg4+ Ke5 54. Bxc8 f3 55. Bd7 Kd5 56. Bg4 Ke4 57. Bd7 f2 58. Bh3 Ba1 59. Bf1
Kd4 60. a3 Bc3 61. Be2 Bb2 62. a4 bxa4 63. b5 Ba3 64. b6 Bd6 65. b7 a3 66. Bf1
Kc5 67. Be2 Kb4 0-1

[Event "Europa ch 2014"]
[Site "Yerevan ARM"]
[Date "2014.03.03"]
[Round "1.6"]
[White "Jobava, Baadur"]
[Black "Sipila, Vilka"]
[Result "1-0"]
[WhiteElo "2716"]
[BlackElo "2457"]
[PlyCount "123"]
[EventDate "2014.03.03"]
[EventType "swiss"]
[EventRounds "11"]
[EventCountry "ARM"]
[Source "lmi"]
[SourceDate "2014.03.02"]

1. c4 c5 2. Nc3 Nc6 3. Nf3 e5 4. d3 g6 5. a3 Bg7 6. b4 Nge7 7. Rb1 cxb4 8. axb4
d5 9. cxd5 Nxd5 10. Nxd5 Qxd5 11. e4 Qd6 12. b5 Nd4 13. Nxd4 Qxd4 14. Be3 Qc3+
15. Bd2 Qd4 16. Be3 Qc3+ 17. Qd2 Qxd2+ 18. Kxd2 f5 19. Be2 b6 20. exf5 gxf5 21.
f4 Bd7 22. Bh5+ Ke7 23. fxe5 Bxe5 24. Bg5+ Kd6 25. d4 Bxd4 26. Rb3 Rag8 27.
Bf4+ Ke7 28. Re1+ Be6 29. g4 fxg4 30. Rd3 Bc5 31. Kc3 h6 32. Bg3 Rg5 33. Bh4
Kf6 34. h3 gxh3 35. Rf3+ Kg7 36. Rxe6 Rxh5 37. Bf6+ Kf7 38. Re5 Rc8 39. Bh4+
Kg6 40. Rf6+ Kg7 41. Rxh5 h2 42. Rc6 Rf8 43. Be1 Rf1 44. Rxh2 Rxe1 45. Rg2+ Kf7
46. Ra2 Re3+ 47. Kc4 Re4+ 48. Kd5 Rd4+ 49. Ke5 Rd7 50. Rf6+ Kg7 51. Rg2+ Kh7
52. Rc6 Bf8 53. Rc8 Bc5 54. Rgg8 Rd1 55. Rg4 Rd7 56. Ra8 h5 57. Rgg8 Rd1 58.
Rgc8 Rb1 59. Kf5 Rf1+ 60. Ke6 Rb1 61. Rh8+ Kg6 62. Rag8# 1-0

[Event "Europa ch 2014"]
[Site "Yerevan ARM"]
[Date "2014.03.03"]
[Round "1.7"]
[White "Schreiner, Peter"]
[Black "Khismatullin, Denis"]
[Result "0-1"]
[WhiteElo "2455"]
[BlackElo "2714"]
[PlyCount "80"]
[EventDate "2014.03.03"]
[EventType "swiss"]
[EventRounds "11"]
[EventCountry "ARM"]
[Source "lmi"]
[SourceDate "2014.03.02"]

1. Nf3 Nf6 2. c4 e6 3. g3 a6 4. Bg2 b5 5. b3 Bb7 6. O-O c5 7. Nc3 Qb6 8. Re1
Nc6 9. e4 d6 10. e5 dxe5 11. Nxe5 Nxe5 12. Rxe5 Bd6 13. Re3 O-O 14. Qe2 Bxg2
15. Kxg2 bxc4 16. bxc4 Rab8 17. Rb1 Qc7 18. Rb3 Nd7 19. Ne4 Be5 20. Rxb8 Rxb8
21. Rb3 Rxb3 22. axb3 h6 23. f3 Bd4 24. d3 Qb7 25. Qc2 f5 26. Nd2 Ne5 27. Bb2
Qd7 28. Bxd4 Qxd4 29. Nf1 Nxd3 30. Qe2 Kf7 31. f4 Nc1 32. Qh5+ Ke7 33. Qf3 Qb2+
34. Kh3 Nxb3 35. Qb7+ Kf6 36. Ne3 Qc3 37. Ng2 Qxc4 38. Qb8 Kf7 39. Kh4 Qe2 40.
Qb7+ Kg6 0-1

[Event "Europa ch 2014"]
[Site "Yerevan ARM"]
[Date "2014.03.03"]
[Round "1.8"]
[White "Wojtaszek, Radoslaw"]
[Black "Melia, Salome"]
[Result "1-0"]
[WhiteElo "2713"]
[BlackElo "2453"]
[PlyCount "85"]
[EventDate "2014.03.03"]
[EventType "swiss"]
[EventRounds "11"]
[EventCountry "ARM"]
[Source "lmi"]
[SourceDate "2014.03.02"]

1. d4 d5 2. c4 c6 3. Nf3 Nf6 4. e3 Bg4 5. h3 Bxf3 6. Qxf3 e6 7. Nc3 Bb4 8. Bd3
Nbd7 9. O-O O-O 10. Rd1 Re8 11. Bf1 Nb6 12. c5 Nbd7 13. a3 Ba5 14. b4 Bc7 15.
b5 e5 16. Rb1 Qc8 17. Qf5 e4 18. h4 g6 19. Qh3 Kg7 20. Bd2 Qd8 21. Na2 h5 22.
Be2 Ng4 23. bxc6 bxc6 24. Bxg4 hxg4 25. Qxg4 Rh8 26. g3 Nf6 27. Qh3 Ba5 28. Rb7
Bxd2 29. Rxd2 Qa5 30. Rdb2 Rhe8 31. Nb4 Qa4 32. Nc2 Qa5 33. Qf1 Re6 34. Qe2 Rh8
35. Ne1 Ne8 36. Ng2 Rf6 37. Nf4 Qxa3 38. Kg2 a5 39. Re7 Qa1 40. Rbb7 Rf8 41.
Ne6+ Kg8 42. Nxf8 Kxf8 43. Re5 1-0

[Event "Europa ch 2014"]
[Site "Yerevan ARM"]
[Date "2014.03.03"]
[Round "1.9"]
[White "Givon, Asaf"]
[Black "Moiseenko, Alexander"]
[Result "1/2-1/2"]
[WhiteElo "2449"]
[BlackElo "2712"]
[PlyCount "95"]
[EventDate "2014.03.03"]
[EventType "swiss"]
[EventRounds "11"]
[EventCountry "ARM"]
[Source "lmi"]
[SourceDate "2014.03.02"]

1. e4 c5 2. Nf3 Nc6 3. Bb5 e6 4. O-O Nge7 5. d4 cxd4 6. Nxd4 Ng6 7. Be3 Be7 8.
Be2 O-O 9. c4 b6 10. Nc3 Bb7 11. f3 Nxd4 12. Qxd4 Nf4 13. Qd2 Nxe2+ 14. Nxe2
Qc7 15. Rac1 Rfd8 16. Rfd1 Rac8 17. Kh1 h6 18. Nd4 a6 19. Nb3 Bc6 20. Qf2 Rb8
21. Nd4 Ba8 22. a3 d6 23. b4 Rd7 24. Qg3 Kh7 25. c5 bxc5 26. bxc5 Qd8 27. c6
Rc7 28. Bd2 Rcc8 29. Qe1 Qe8 30. c7 Rb7 31. Ba5 Bg5 32. Rc4 Bf4 33. Ne2 Be5 34.
f4 Bf6 35. Rxd6 Rb2 36. Rd2 Qb5 37. Rxb2 Bxb2 38. Qb4 Bxa3 39. Qxb5 axb5 40.
Rd4 Bb7 41. Rd8 Be7 42. h3 b4 43. Nd4 Bc5 44. Nb3 Be3 45. f5 exf5 46. exf5 h5
47. f6 gxf6 48. Rxc8 1/2-1/2

[Event "Europa ch 2014"]
[Site "Yerevan ARM"]
[Date "2014.03.03"]
[Round "1.10"]
[White "Tomashevsky, Evgeny"]
[Black "Chibukhchian, Artur"]
[Result "1-0"]
[WhiteElo "2711"]
[BlackElo "2446"]
[PlyCount "89"]
[EventDate "2014.03.03"]
[EventType "swiss"]
[EventRounds "11"]
[EventCountry "ARM"]
[Source "lmi"]
[SourceDate "2014.03.02"]

1. d4 Nf6 2. c4 e6 3. Nf3 b6 4. e3 Bb7 5. Bd3 d5 6. b3 Nbd7 7. O-O Bd6 8. Nc3
O-O 9. Bb2 a6 10. Rc1 Qe7 11. Re1 Ne4 12. Qc2 Ndf6 13. Ne5 Nxc3 14. Bxc3 c5 15.
Bb2 Rfc8 16. Qe2 cxd4 17. exd4 Bb4 18. Red1 Ba3 19. Bxa3 Qxa3 20. Qe3 Rc7 21.
c5 bxc5 22. dxc5 Bc6 23. Rc2 Bb5 24. Qd4 Bxd3 25. Nxd3 Nd7 26. c6 Nf6 27. Rdc1
a5 28. Qb6 Qd6 29. Rc5 e5 30. Rxa5 Rac8 31. Qc5 Qe6 32. Nb4 h5 33. h3 Kh7 34.
Qe3 Rd8 35. Rac5 Rd6 36. a4 Qf5 37. a5 g6 38. a6 Rd8 39. Rb5 e4 40. Qg3 Rcc8
41. c7 Re8 42. Rb8 d4 43. a7 e3 44. fxe3 Rxe3 45. Qf2 1-0

[Event "Europa ch 2014"]
[Site "Yerevan ARM"]
[Date "2014.03.03"]
[Round "1.11"]
[White "Kreisl, Robert"]
[Black "Fressinet, Laurent"]
[Result "0-1"]
[WhiteElo "2437"]
[BlackElo "2709"]
[PlyCount "54"]
[EventDate "2014.03.03"]
[EventType "swiss"]
[EventRounds "11"]
[EventCountry "ARM"]
[Source "lmi"]
[SourceDate "2014.03.02"]

1. Nf3 d5 2. d4 Nf6 3. c4 e6 4. Nc3 Bb4 5. Bg5 Nbd7 6. cxd5 exd5 7. e3 h6 8.
Bh4 g5 9. Bg3 Ne4 10. Nd2 Nxg3 11. hxg3 Nb6 12. Qb3 Bf8 13. e4 dxe4 14. Ndxe4
Bg7 15. O-O-O O-O 16. f4 Bg4 17. fxg5 Bxd1 18. Qxd1 Qxd4 19. Qh5 Rfe8 20. gxh6
Rxe4 21. Bd3 Qe3+ 22. Kc2 Qf2+ 23. Kb1 Re1+ 24. Rxe1 Qxe1+ 25. Kc2 Qf2+ 26. Kb3
Bf6 27. Qg4+ Kf8 0-1

[Event "Europa ch 2014"]
[Site "Yerevan ARM"]
[Date "2014.03.03"]
[Round "1.12"]
[White "Kryvoruchko, Yuriy"]
[Black "Minasian, Ara"]
[Result "1-0"]
[WhiteElo "2706"]
[BlackElo "2432"]
[PlyCount "77"]
[EventDate "2014.03.03"]
[EventType "swiss"]
[EventRounds "11"]
[EventCountry "ARM"]
[Source "lmi"]
[SourceDate "2014.03.02"]

1. e4 e6 2. d4 d5 3. Nc3 Bb4 4. e5 c5 5. a3 Bxc3+ 6. bxc3 Ne7 7. Nf3 b6 8. Bb5+
Bd7 9. a4 Bxb5 10. axb5 Qd7 11. Qe2 c4 12. Rb1 a6 13. bxa6 Rxa6 14. h4 h6 15.
h5 Nbc6 16. g4 Kd8 17. Nh4 Kc7 18. O-O Ra2 19. f4 g6 20. Rf2 gxh5 21. gxh5 Rg8+
22. Rg2 Rxg2+ 23. Qxg2 Nf5 24. Nxf5 exf5 25. Be3 Ne7 26. Qg7 Qe6 27. Rc1 Nc6
28. Kg2 Na7 29. Kf3 Nb5 30. Rg1 Kc6 31. Qg8 Nc7 32. Rg7 Rxc2 33. Rxf7 Kb5 34.
Qg6 Qc8 35. Qd6 Ne6 36. Qb4+ Kc6 37. Qa4+ b5 38. Qxc2 Qg8 39. Qxf5 1-0

[Event "Europa ch 2014"]
[Site "Yerevan ARM"]
[Date "2014.03.03"]
[Round "1.13"]
[White "Petrosian, Davit G"]
[Black "Areshchenko, Alexander"]
[Result "0-1"]
[WhiteElo "2431"]
[BlackElo "2705"]
[PlyCount "82"]
[EventDate "2014.03.03"]
[EventType "swiss"]
[EventRounds "11"]
[EventCountry "ARM"]
[Source "lmi"]
[SourceDate "2014.03.02"]

1. e4 c5 2. Nf3 d6 3. d4 cxd4 4. Nxd4 Nf6 5. Nc3 a6 6. Bc4 e6 7. Bb3 Nbd7 8.
Qe2 Nc5 9. Bg5 Be7 10. f4 h6 11. Bxf6 Bxf6 12. O-O-O Qc7 13. Kb1 Bd7 14. Rhe1
O-O-O 15. e5 dxe5 16. fxe5 Be7 17. Bd5 Kb8 18. Bf3 Bc8 19. Bg4 Rd7 20. Qf2 Rhd8
21. g3 f6 22. exf6 Bxf6 23. Nde2 Rxd1+ 24. Rxd1 Ne4 25. Qe3 Nd6 26. Qf4 b5 27.
Bf3 Nc4 28. Rxd8 Bxd8 29. Ne4 Bb7 30. Kc1 Ne5 31. Qf8 Nxf3 32. Qxf3 Be7 33. Qd3
Qc6 34. N4c3 Qh1+ 35. Nd1 Qxh2 36. Nf4 e5 37. Qc3 Bd6 38. Qd3 Bc7 39. Ne6 e4
40. Qd7 Qxg3 41. Qe8+ Ka7 0-1

[Event "Europa ch 2014"]
[Site "Yerevan ARM"]
[Date "2014.03.03"]
[Round "1.14"]
[White "Almasi, Zoltan"]
[Black "Grishchenko, Sergey1"]
[Result "1-0"]
[WhiteElo "2704"]
[BlackElo "2431"]
[PlyCount "127"]
[EventDate "2014.03.03"]
[EventType "swiss"]
[EventRounds "11"]
[EventCountry "ARM"]
[Source "lmi"]
[SourceDate "2014.03.02"]

1. e4 c6 2. d4 d5 3. e5 c5 4. dxc5 e6 5. a3 Bxc5 6. b4 Bb6 7. Qg4 Ne7 8. Nf3
Ng6 9. Bd3 Nc6 10. Bb2 Bd7 11. O-O Nce7 12. Nc3 a6 13. Rad1 Qb8 14. Ne2 Bc7 15.
Ng3 Nxe5 16. Qxg7 Nxf3+ 17. gxf3 Rg8 18. Qf6 Ng6 19. Bxg6 Rxg6 20. Qh8+ Ke7 21.
Qxh7 Qg8 22. Qh4+ f6 23. Rfe1 Qh8 24. Qxh8 Rxh8 25. Rxd5 Bc6 26. Rd3 Kf7 27.
Red1 Ke8 28. c4 Rh7 29. Re1 Kf7 30. Red1 f5 31. Kf1 Ke8 32. Ne2 Rxh2 33. Nd4
Rgg2 34. R1d2 Bg3 35. Nxc6 Rxf2+ 36. Rxf2 Rxf2+ 37. Kg1 Rxb2 38. Nd8 Ke7 39.
Nxb7 Kf6 40. c5 e5 41. Rc3 e4 42. fxe4 Bh2+ 43. Kf1 fxe4 44. c6 Bc7 45. Nc5 a5
46. Na6 axb4 47. axb4 Bb6 48. c7 Bxc7 49. Nxc7 Ke5 50. Rc4 Kd6 51. Ke1 e3 52.
Nb5+ Kd5 53. Rd4+ Ke5 54. Rh4 Rc2 55. Nd4 Rb2 56. Nc6+ Kd5 57. Na5 Rc2 58. Nb3
Rc4 59. Rh5+ Ke4 60. Rh4+ Kd5 61. Rh5+ Ke4 62. b5 Rc3 63. Rh4+ Kf3 64. Nd4+ 1-0

[Event "Europa ch 2014"]
[Site "Yerevan ARM"]
[Date "2014.03.03"]
[Round "1.15"]
[White "Simonian, Tigran"]
[Black "Navara, David"]
[Result "0-1"]
[WhiteElo "2425"]
[BlackElo "2700"]
[PlyCount "70"]
[EventDate "2014.03.03"]
[EventType "swiss"]
[EventRounds "11"]
[EventCountry "ARM"]
[Source "lmi"]
[SourceDate "2014.03.02"]

1. d4 Nf6 2. c4 g6 3. Nc3 Bg7 4. e4 d6 5. h3 O-O 6. Nf3 e5 7. dxe5 dxe5 8. Qxd8
Rxd8 9. Bg5 c6 10. Nxe5 Re8 11. O-O-O Na6 12. Nf3 Nc5 13. e5 Nfd7 14. Be3 b6
15. g4 Ba6 16. Be2 Nxe5 17. Nxe5 Rxe5 18. Kc2 Rae8 19. Rd2 Rxe3 20. fxe3 Bxc3
21. Kxc3 Ne4+ 22. Kc2 Nxd2 23. Kxd2 c5 24. Rf1 Kg7 25. a3 Bb7 26. Bf3 Rd8+ 27.
Kc2 Bxf3 28. Rxf3 Rd6 29. b4 Rf6 30. Rf4 g5 31. Rxf6 Kxf6 32. bxc5 bxc5 33. Kb3
Ke5 34. Ka4 f5 35. gxf5 h5 0-1

[Event "Europa ch 2014"]
[Site "Yerevan ARM"]
[Date "2014.03.03"]
[Round "1.16"]
[White "Inarkiev, Ernesto"]
[Black "Petrosyan, Tigran S"]
[Result "1-0"]
[WhiteElo "2698"]
[BlackElo "2425"]
[PlyCount "109"]
[EventDate "2014.03.03"]
[EventType "swiss"]
[EventRounds "11"]
[EventCountry "ARM"]
[Source "lmi"]
[SourceDate "2014.03.02"]

1. d4 d5 2. c4 c6 3. Nf3 Nf6 4. e3 e6 5. b3 Nbd7 6. Bd3 Bd6 7. Bb2 b6 8. O-O
O-O 9. Nc3 Bb7 10. Qe2 c5 11. Rfd1 cxd4 12. Nxd4 dxc4 13. Bxc4 Qe7 14. Ba6 Bxa6
15. Qxa6 Nc5 16. Qe2 Rac8 17. Rac1 a5 18. Ndb5 Rfd8 19. Ba3 Ne8 20. Rc2 Ne4 21.
Nxe4 Bxa3 22. Rxd8 Rxd8 23. g3 Bb4 24. Nd4 Qd7 25. Nc6 Qd1+ 26. Qxd1 Rxd1+ 27.
Kg2 Bf8 28. Ne5 Rd8 29. Rc6 Nd6 30. Nxd6 Rxd6 31. Rc7 Rd2 32. Nxf7 h6 33. Ne5
Bc5 34. Kf3 Rxa2 35. h4 h5 36. Nd3 Rc2 37. Nf4 e5 38. Nd3 Rc3 39. Ke4 Rxb3 40.
Nxc5 bxc5 41. Rxc5 a4 42. Rxe5 a3 43. Ra5 Rb2 44. f4 a2 45. f5 Kh7 46. Ra7 Kh6
47. Ra6+ Kh7 48. Kf3 Rc2 49. e4 Rb2 50. e5 Rb5 51. Kf4 Rb4+ 52. Kg5 Rg4+ 53.
Kxh5 Rxg3 54. Rxa2 Rg1 55. e6 1-0

[Event "Europa ch 2014"]
[Site "Yerevan ARM"]
[Date "2014.03.03"]
[Round "1.17"]
[White "Tari, Aryan"]
[Black "Matlakov, Maxim"]
[Result "1/2-1/2"]
[WhiteElo "2424"]
[BlackElo "2695"]
[PlyCount "77"]
[EventDate "2014.03.03"]
[EventType "swiss"]
[EventRounds "11"]
[EventCountry "ARM"]
[Source "lmi"]
[SourceDate "2014.03.02"]

1. c4 Nf6 2. Nc3 e5 3. Nf3 Nc6 4. g3 Bb4 5. Bg2 O-O 6. Nd5 Bc5 7. O-O d6 8. e3
a6 9. Nh4 Nxd5 10. cxd5 Ne7 11. b3 c6 12. dxc6 Nxc6 13. Bb2 d5 14. Rc1 Be7 15.
Nf3 f6 16. a3 a5 17. d4 e4 18. Nd2 Be6 19. Nb1 Qd7 20. Nc3 Rad8 21. Qe2 Bg4 22.
Qb5 Bf3 23. Rfe1 h5 24. Bxf3 exf3 25. Nb1 Qh3 26. Qf1 Qg4 27. Nd2 h4 28. e4 Bd6
29. Kh1 Rfe8 30. exd5 Re2 31. Rxe2 fxe2 32. Qg2 Ne7 33. Re1 Nf5 34. Qe4 Qh3 35.
Qg2 Qg4 36. Qe4 Qh3 37. Qg2 Qg4 38. Qe4 Qh3 39. Qg2 1/2-1/2

[Event "Europa ch 2014"]
[Site "Yerevan ARM"]
[Date "2014.03.03"]
[Round "1.19"]
[White "Paravyan, David"]
[Black "Alekseev, Evgeny"]
[Result "0-1"]
[WhiteElo "2423"]
[BlackElo "2692"]
[PlyCount "136"]
[EventDate "2014.03.03"]
[EventType "swiss"]
[EventRounds "11"]
[EventCountry "ARM"]
[Source "lmi"]
[SourceDate "2014.03.02"]

1. d4 d5 2. c4 e6 3. Nc3 Bb4 4. Qb3 c5 5. cxd5 exd5 6. dxc5 Nc6 7. a3 Qa5 8.
Rb1 Bxc5 9. Bd2 Nf6 10. Ne4 Qb6 11. Nxc5 Qxc5 12. Rc1 Qe7 13. Nf3 O-O 14. e3
Bg4 15. Be2 d4 16. h3 Bh5 17. g4 Bg6 18. exd4 Rad8 19. Be3 Nd5 20. Rc5 Nxe3 21.
fxe3 Rfe8 22. O-O Qxe3+ 23. Qxe3 Rxe3 24. Bc4 Bd3 25. Bxd3 Rxd3 26. Rc3 Rxc3
27. bxc3 Na5 28. Nd2 f6 29. Kf2 Rc8 30. Rc1 Kf7 31. Ke2 h5 32. Kd3 hxg4 33.
hxg4 Rh8 34. Rf1 Kg6 35. Rf3 Rh1 36. d5 b6 37. Rf4 Nb7 38. Rd4 Kf7 39. d6 Ke6
40. Re4+ Kxd6 41. Nc4+ Kd7 42. Rd4+ Kc6 43. Ne3 Nd6 44. a4 a5 45. Kc2 Rh2+ 46.
Kb3 Re2 47. Nf5 Nxf5 48. gxf5 Rg2 49. Kc4 Re2 50. Rg4 Re7 51. Rg1 Re5 52. Rxg7
Rxf5 53. Rf7 Rf4+ 54. Kb3 f5 55. Rf8 Rf1 56. Kb2 f4 57. Rf5 f3 58. Rf6+ Kc5 59.
Ka2 Kc4 60. Rxb6 Re1 61. Rf6 Re2+ 62. Ka3 Re3 63. Rf5 Rxc3+ 64. Kb2 Re3 65.
Rxa5 Kd3 66. Rf5 Ke2 67. a5 f2 68. a6 f1=Q 0-1

[Event "Europa ch 2014"]
[Site "Yerevan ARM"]
[Date "2014.03.03"]
[Round "1.20"]
[White "Rodshtein, Maxim"]
[Black "Harutyunian, Tigran K"]
[Result "1-0"]
[WhiteElo "2691"]
[BlackElo "2422"]
[PlyCount "69"]
[EventDate "2014.03.03"]
[EventType "swiss"]
[EventRounds "11"]
[EventCountry "ARM"]
[Source "lmi"]
[SourceDate "2014.03.02"]

1. d4 d5 2. c4 e6 3. Nf3 Nf6 4. g3 dxc4 5. Bg2 Nc6 6. Qa4 Bb4+ 7. Bd2 Nd5 8.
Bxb4 Ndxb4 9. Nc3 Bd7 10. O-O a5 11. Qd1 O-O 12. e3 a4 13. Nxa4 Nxd4 14. Qxd4
Bxa4 15. Qxc4 Qe7 16. Rfc1 Rfc8 17. a3 Nd5 18. Nd2 Nb6 19. Qc3 c5 20. b3 Be8
21. e4 e5 22. Bf1 f6 23. a4 Bf7 24. a5 Nd7 25. b4 Nf8 26. b5 Ne6 27. Nc4 Rd8
28. Nb6 Rab8 29. Rab1 Rd4 30. a6 bxa6 31. bxa6 Rb4 32. Nd5 Qd6 33. Nxb4 cxb4
34. a7 Ra8 35. Qxb4 1-0

[Event "Europa ch 2014"]
[Site "Yerevan ARM"]
[Date "2014.03.03"]
[Round "1.21"]
[White "Berchtenbreiter, Maximilian"]
[Black "Riazantsev, Alexander"]
[Result "0-1"]
[WhiteElo "2421"]
[BlackElo "2689"]
[PlyCount "24"]
[EventDate "2014.03.03"]
[EventType "swiss"]
[EventRounds "11"]
[EventCountry "ARM"]
[Source "lmi"]
[SourceDate "2014.03.02"]

1. e4 e6 2. d4 d5 3. Nc3 Nf6 4. Bg5 Be7 5. e5 Nfd7 6. h4 c5 7. Nb5 f6 8. exf6
Nxf6 9. dxc5 Bxc5 10. Nf3 Qb6 11. Qd2 Ne4 12. Qe2 a6 0-1

[Event "Europa ch 2014"]
[Site "Yerevan ARM"]
[Date "2014.03.03"]
[Round "1.22"]
[White "Akopian, Vladimir"]
[Black "Dastan, Muhammed Batuhan"]
[Result "1/2-1/2"]
[WhiteElo "2682"]
[BlackElo "2416"]
[PlyCount "158"]
[EventDate "2014.03.03"]
[EventType "swiss"]
[EventRounds "11"]
[EventCountry "ARM"]
[Source "lmi"]
[SourceDate "2014.03.02"]

1. Nf3 d5 2. g3 Nf6 3. Bg2 c6 4. c4 Bg4 5. O-O e6 6. d3 Nbd7 7. cxd5 exd5 8.
Nc3 Bc5 9. Qb3 Bb6 10. Na4 O-O 11. Nxb6 axb6 12. Qc2 Re8 13. b3 Bxf3 14. Bxf3
d4 15. b4 Ne5 16. Bg2 h5 17. b5 Rc8 18. bxc6 bxc6 19. Rb1 c5 20. Bg5 Qd6 21.
Qb3 Nfd7 22. Qd5 Qxd5 23. Bxd5 Nc6 24. Bf3 Nce5 25. Bg2 Rc7 26. Rfc1 f6 27. Bd2
Kf7 28. f4 Ng4 29. Bf3 g6 30. f5 Ne3 31. fxg6+ Kxg6 32. a4 Ra7 33. Be4+ f5 34.
Bc6 Re6 35. Bxd7 Rxd7 36. Bxe3 dxe3 37. Rb5 Rd4 38. a5 bxa5 39. Rxa5 h4 40. Kg2
hxg3 41. hxg3 c4 42. dxc4 Rc6 43. c5 Rd5 44. Kf3 Re5 45. Rb5 Kg5 46. Rc3 Rc8
47. Rc1 Rc7 48. Rc4 Rc8 49. g4 fxg4+ 50. Rxg4+ Kf5 51. Rb6 Rexc5 52. Rbg6 Ke5
53. R4g5+ Kd4 54. Rd6+ Kc4 55. Rg4+ Kb5 56. Kxe3 Re5+ 57. Kd2 Rce8 58. Rg2 Kc5
59. Ra6 Kd5 60. Ra3 Ke4 61. Rf3 Kd5 62. Rd3+ Kc5 63. Rc3+ Kd4 64. Ra3 Ke4 65.
Ra4+ Kd5 66. Ra5+ Ke4 67. Ra7 R8e7 68. Ra3 Re8 69. Rf2 Rd5+ 70. Ke1 Rh8 71. Rf1
Rh2 72. Ra4+ Rd4 73. Ra5 Rd5 74. Ra8 Rb5 75. Re8+ Re5 76. Rg8 Kd5 77. Rd8+ Ke6
78. Re8+ Kd5 79. Rd8+ Ke6 1/2-1/2

[Event "Europa ch 2014"]
[Site "Yerevan ARM"]
[Date "2014.03.03"]
[Round "1.23"]
[White "Kanter, Eduard"]
[Black "Cheparinov, Ivan"]
[Result "0-1"]
[WhiteElo "2410"]
[BlackElo "2681"]
[PlyCount "62"]
[EventDate "2014.03.03"]
[EventType "swiss"]
[EventRounds "11"]
[EventCountry "ARM"]
[Source "lmi"]
[SourceDate "2014.03.02"]

1. d4 Nf6 2. c4 g6 3. Nc3 Bg7 4. e4 d6 5. Be2 O-O 6. Nf3 e5 7. Be3 Ng4 8. Bg5
f6 9. Bh4 Nc6 10. d5 Ne7 11. h3 Nh6 12. g4 Nf7 13. Qc2 c5 14. O-O-O Bh6+ 15.
Kb1 Kg7 16. Rdg1 Bd7 17. Nd1 Rb8 18. Ne3 Ng8 19. Ne1 b5 20. cxb5 a6 21. b6 Bxe3
22. fxe3 c4 23. Bxc4 Qxb6 24. Nd3 Rfc8 25. b3 a5 26. Rc1 Rxc4 27. Qxc4 Rc8 28.
Qxc8 Bxc8 29. Rxc8 Qxe3 30. Rc3 Qxe4 31. Rd1 Ne7 0-1